|
|
|
|
| LEADER |
01459nam a2200385 a 4500 |
| 001 |
000718407 |
| 003 |
CZ BrMZK |
| 005 |
20040714095736.0 |
| 007 |
ta |
| 008 |
040527s2004 xr e p 000 0 ger |
| 015 |
|
|
|a cnb001300646
|
| 020 |
|
|
|a 80-7251-136-X
|q (brož.)
|
| 035 |
|
|
|a (OCoLC)85093225
|
| 040 |
|
|
|a BOA001
|b cze
|
| 043 |
|
|
|a e-xr---
|
| 072 |
|
7 |
|a 343
|x Trestní právo
|2 Konspekt
|9 16
|
| 080 |
|
|
|a 343.13
|2 MRF
|
| 080 |
|
|
|a (437.3)
|2 MRF
|
| 080 |
|
|
|a (075.8)
|2 MRF
|
| 100 |
1 |
|
|a Musil, Jan,
|d 1941-
|7 jn20000620241
|4 aut
|
| 245 |
1 |
0 |
|a Unrechtmäßige Gewinne und ihre Abschöpfung im Strafverfahren in der Tschechischen Republik /
|c Jan Musil
|
| 250 |
|
|
|a Vyd. 1.
|
| 260 |
|
|
|a Praha :
|b Vydavatelství PA ČR,
|c 2004
|
| 300 |
|
|
|a 45 s. ;
|c 21 cm
|
| 500 |
|
|
|a Vydavatel: Policejní akademie České republiky
|
| 500 |
|
|
|a 200 výt.
|
| 504 |
|
|
|a Obsahuje bibliografii a bibliografické odkazy
|
| 500 |
|
|
|a Dostupné též v digitální podobě v aplikaci Kramerius
|
| 650 |
0 |
7 |
|a trestní řízení
|7 ph116482
|z Česko
|2 czenas
|
| 655 |
|
7 |
|a učebnice vysokých škol
|7 fd133772
|2 czenas
|
| 710 |
2 |
|
|a Policejní akademie České republiky
|7 ko2002101936
|
| 856 |
4 |
1 |
|u http://www.digitalniknihovna.cz/mzk/uuid/uuid:50672e90-4b38-11e6-ab2f-005056827e52
|y Digitalizovaný dokument
|x NDK
|
| 910 |
|
|
|a BOA001
|b 2-1135.805
|
| 990 |
|
|
|a BK
|
| 996 |
6 |
|
|b 2610221401
|c 2-1135.805
|l MZK
|r Sklad / do 1 hodiny
|n 0
|p p.v.
|w 000718407
|u 000010
|a 1
|e BOA001
|j MZK50
|s P
|